000 00664nam a2200253Ia 4500
003 OSt
005 20221005085446.0
006 a|||||r|||| 00| 0
007 ta
008 221004b |||||||| |||| 00| 0 eng d
024 _a48744
037 _cTextual
040 _aCRL
_cCRL
_beng
041 _2eng
_aeng
082 _aO111,3:g(W), K7
100 _aHowe Irving
245 0 _aPolitics and the novel
260 _aNew York
_bFawcett World Library USA
_c1967
300 _a255p.
_ccm.
490 _aLiterature and ideas
650 _aENGLISH LITERATURE
942 _hO111,3:g(W), K7
_cTEXL
_2cc
999 _c994239
_d994239